Một số vấn đề xây dựng Đảng về tổ chức trong giai đoạn hiện nay
Sách đề cập những vấn dề có ý nghĩa lý luận thực tiễn về công tác xây dựng Đảng trong giai đoạn mới mà Đại hội lần thứ VIII của Đảng đã nêu như: nhận định về bản chất giai cấp công nhân, tính tiền phong của Đảng, tiếp tục hoàn thiện...
Gorde:
| Egile nagusia: | |
|---|---|
| Formatua: | Liburua |
| Hizkuntza: | Undetermined |
| Argitaratua: |
Hà Nội
Chính trị quốc gia
1996
|
| Gaiak: | |
| Etiketak: |
Etiketa erantsi
Etiketarik gabe, Izan zaitez lehena erregistro honi etiketa jartzen!
|
| Thư viện lưu trữ: | Trung tâm Học liệu Trường Đại học Cần Thơ |
|---|
| LEADER | 01543nam a2200181Ia 4500 | ||
|---|---|---|---|
| 001 | CTU_17052 | ||
| 008 | 210402s9999 xx 000 0 und d | ||
| 082 | |a 324.2597075 | ||
| 082 | |b Th561 | ||
| 100 | |a Lê Quang Thưởng | ||
| 245 | 0 | |a Một số vấn đề xây dựng Đảng về tổ chức trong giai đoạn hiện nay | |
| 245 | 0 | |c Lê Quang Thưởng | |
| 260 | |a Hà Nội | ||
| 260 | |b Chính trị quốc gia | ||
| 260 | |c 1996 | ||
| 520 | |a Sách đề cập những vấn dề có ý nghĩa lý luận thực tiễn về công tác xây dựng Đảng trong giai đoạn mới mà Đại hội lần thứ VIII của Đảng đã nêu như: nhận định về bản chất giai cấp công nhân, tính tiền phong của Đảng, tiếp tục hoàn thiện hệ thống tổ chức của Đảng, nâng cao năng lực lãnh đạo của các tổ chức cơ sở Đảng, một số vấn đề về tổ chức và hoạt động của các tổ chức đảng trong các doanh nghiệp nhà nước, công tác phát triển đảng viên trong tình hình hiện nay, vấn đề đổi mới quy hoạch, tạo nguồn cán bộ đáp ứng yêu cầu của sự nghiệp công nghiệp hóa, hiện đại hóa đất nước... | ||
| 650 | |a communist parties - vietnam | ||
| 980 | |a Trung tâm Học liệu Trường Đại học Cần Thơ | ||